Matemática 4º básico: cuaderno de práctica
-д хадгалсан:
| Үндсэн зохиолчид: | , , |
|---|---|
| Формат: | Ном |
| Хэл сонгох: | испани |
| Хэвлэсэн: |
Santiago
Galileo Editorial
2016
|
| Хэвлэл: | 1a. ed |
| Нөхцлүүд: | |
| Шошгууд: |
Шошго нэмэх
Шошго байхгүй, Энэхүү баримтыг шошголох эхний хүн болох!
|
MARC
| LEADER | 00000cam a2200000 a 4500 | ||
|---|---|---|---|
| 001 | UCD9890 | ||
| 003 | CL-VaPUC | ||
| 008 | 170709e20160000cl |||||||||||||||||spa|d | ||
| 020 | |a 9789568155285 | ||
| 082 | 0 | 4 | |a 372.7 |b ALF |2 21 |
| 100 | 0 | |a Alfaro Salas, Silvia |e author |9 593720 | |
| 700 | 0 | |a Espinoza Lagunas, Yuvica |e author |9 593721 | |
| 700 | 0 | |a Cano Fernández, Sara |e author |9 593722 | |
| 245 | 1 | 0 | |a Matemática 4º básico: cuaderno de práctica |
| 250 | |a 1a. ed | ||
| 300 | |a t | ||
| 942 | |c BK | ||
| 945 | |d 20170709 17:01:00 |a arojas | ||
| 260 | |a Santiago |b Galileo Editorial |c 2016 | ||
| 650 | 0 | |a Matemáticas |x Enseñanza |9 875527 | |
| 650 | 0 | |a Educación básica |9 224933 | |
| 650 | 0 | |a Textos escolares |9 382843 | |
| 650 | 0 | |a Libros de texto |9 270019 | |
| 583 | |a last modification |c 20170709 17:01:00 |k Rodrigo Vera | ||
| 999 | |c 368902 |d 368900 | ||
| 952 | |0 0 |1 0 |3 erb |4 0 |6 372_700000000000000_ALF_2016 |7 0 |8 A |9 484376 |a BIBEDU |b BIBEDU |h t.1 |i 540570K |o 372.7 ALF 2016 |p 540570K |r 2019-11-24 |w 2019-11-24 |y BK |z Catalogado en:20170709 |k EPE | ||
| 952 | |0 0 |1 0 |3 erb |4 0 |6 372_700000000000000_ALF_2016 |7 0 |8 A |9 484377 |a BIBEDU |b BIBEDU |h t.2 |i 5406625 |o 372.7 ALF 2016 |p 5406625 |r 2019-11-24 |w 2019-11-24 |y BK |z Catalogado en:20170709 |k EPE | ||